Prime Ministers Of Israel By Political Party - Statistics

General Stats
  • This quiz has been taken 35 times
  • The average score is 7 of 12
Answer Stats
Question Answer % Correct
Benjamin Netanyahu Likud
86%
Ehud Barak Labor
71%
Ehud Olmert Kadima
57%
David Ben-Gurion Labor
57%
Levi Eshkol Labor
57%
Golda Meir Labor
57%
Shimon Peres Labor
57%
Menachem Begin Likud
57%
Ariel Sharon Kadima
43%
Moshe Sharett Labor
43%
Yitzhak Rabin Labor
43%
Yitzhak Shamir Likud
43%
No matching quizzes found
Score Distribution
Percent of People with Each Score
Percentile by Number Answered
Your Score History
You have not taken this quiz